Конкурсу "Лучший менеджер по качеству" 10 лет; Стандарты и качество; № 1

Podrobná bibliografie
Parent link:Стандарты и качество: научно-технический журнал/ Российская Федерация, Государственный комитет по стандартизации и метрологии (Госстандарт России).— , 1980-.— 0038-9692
№ 1.— 2003.— С. 66-67
Hlavní autor: Свиткин М. Михаил
Další autoři: Рахлин К. Ким
Jazyk:ruština
Vydáno: 2003
Edice:Качество: национальная программа
Témata:
Médium: MixedMaterials Kapitola
KOHA link:https://koha.lib.tpu.ru/cgi-bin/koha/opac-detail.pl?biblionumber=459215

MARC

LEADER 00000naa2a2200000 4500
001 459215
005 20231101085130.0
035 |a (RuTPU)RU\TPU\prd\122984 
035 |a RU\TPU\prd\11969 
090 |a 459215 
100 |a 20111019a2003 k y0rusy50 ca 
101 0 |a rus 
102 |a RU 
200 1 |a Конкурсу "Лучший менеджер по качеству" 10 лет  |f М. Свиткин, К. Рахлин 
225 1 |a Качество: национальная программа 
461 1 |0 (RuTPU)RU\TPU\prd\992  |x 0038-9692  |t Стандарты и качество  |o научно-технический журнал  |f Российская Федерация, Государственный комитет по стандартизации и метрологии (Госстандарт России)  |d 1980- 
463 1 |0 (RuTPU)RU\TPU\prd\122961  |t № 1  |v С. 66-67  |d 2003 
610 1 |a менеджмент качества 
610 1 |a конкурсы 
700 1 |a Свиткин  |b М.  |g Михаил 
701 1 |a Рахлин  |b К.  |g Ким 
801 1 |a RU  |b 63413507  |c 20030325  |g PSBO 
801 2 |a RU  |b 63413507  |c 20111019  |g RCR 
942 |c BK